Ship Design (Record no. 3235)

000 -LEADER
fixed length control field 03187nam a22003975i 4500
007 - PHYSICAL DESCRIPTION FIXED FIELD--GENERAL INFORMATION
fixed length control field cr nn 008mamaa
008 - FIXED-LENGTH DATA ELEMENTS--GENERAL INFORMATION
fixed length control field 140915s2014 ne | s |||| 0|eng d
020 ## - INTERNATIONAL STANDARD BOOK NUMBER
International Standard Book Number 9789401787512
-- 978-94-017-8751-2
040 ## - CATALOGING SOURCE
Original cataloging agency IMU Kochi Library
Language of cataloging eng
041 0# - LANGUAGE CODE
Language code of text/sound track or separate title eng
082 04 - DEWEY DECIMAL CLASSIFICATION NUMBER
Classification number 620.0042
Edition number 23
100 1# - MAIN ENTRY--PERSONAL NAME
Personal name Papanikolaou, Apostolos.
245 10 - TITLE STATEMENT
Title Ship Design
Medium [electronic resource] :
Sub Title Methodologies of Preliminary Design /
250 ## - EDITION STATEMENT
Edition statement 1st ed. 2014.
300 ## - PHYSICAL DESCRIPTION
Extent XIII, 628 p. 575 illus., 145 illus. in color.
Other physical details online resource.
505 0# - FORMATTED CONTENTS NOTE
Formatted contents note 1 General on Ship Design -- 2 Selection of Main Dimensions and Calculation of Basic Ship Design Values -- 3 Ship's Hull Form -- 4 Naval Architectural Drawings and Plans -- 5 Machinery Installation, Propulsion and Steering Devices -- 6 Estimation of Building Cost -- Appendix A: Diagrams of Regression Analysis of Basic Design Values for Merchant Ships -- Appendix B: Systematic Hull Form - Model Series -- Appendix C: Determination of Ship's Displacement with the Relational Method of Normand -- Appendix D: Historical Evolution of Shipbuilding -- Appendix E: Subdivision and Damage Stability of Ships - Historical Developments and the Way Ahead.
520 ## - SUMMARY, ETC.
Summary, etc This book deals with ship design and in particular with methodologies of the preliminary design of ships. The book is complemented by a basic bibliography and five appendices with useful updated charts for the selection of the main dimensions and other basic characteristics of different types of ships (Appendix A), the determination of hull form  from the data of systematic hull form series (Appendix B), the detailed description of the relational method for the preliminary estimation of ship weights (Appendix C), a brief review of the historical evolution of shipbuilding science and technology from the prehistoric era to date (Appendix D) and finally a historical review of regulatory developments of ship's damage stability to date (Appendix E).  The book can be used as textbook for ship design courses or as additional reading for university or college students of naval architecture courses and related disciplines; it may also serve as a reference book for naval architects, practicing engineers of related disciplines and ship officers, who like to enter the ship design field systematically or to use practical methodologies for the estimation of ship's main dimensions and of other ship main properties and elements of ship design.
650 #0 - SUBJECT ADDED ENTRY--TOPICAL TERM
Topical term or geographic name as entry element Engineering design.
650 #0 - SUBJECT ADDED ENTRY--TOPICAL TERM
Topical term or geographic name as entry element Transportation engineering.
650 #0 - SUBJECT ADDED ENTRY--TOPICAL TERM
Topical term or geographic name as entry element Traffic engineering.
650 #0 - SUBJECT ADDED ENTRY--TOPICAL TERM
Topical term or geographic name as entry element Engines.
650 14 - SUBJECT ADDED ENTRY--TOPICAL TERM
Topical term or geographic name as entry element Engineering Design.
650 24 - SUBJECT ADDED ENTRY--TOPICAL TERM
Topical term or geographic name as entry element Transportation Technology and Traffic Engineering.
650 24 - SUBJECT ADDED ENTRY--TOPICAL TERM
Topical term or geographic name as entry element Engine Technology.
852 ## - LOCATION/CALL NUMBER
Location IMU Kochi Library
856 40 - ELECTRONIC LOCATION AND ACCESS
Uniform Resource Identifier <a href="https://doi.org/10.1007/978-94-017-8751-2">https://doi.org/10.1007/978-94-017-8751-2</a>
904 ## - LOCAL DATA ELEMENT D, LDD (RLIN)
CATALOGER Rudra Ranjan
905 ## - LOCAL DATA ELEMENT E, LDE (RLIN)
VERIFIER Rudra Ranjan
942 ## - ADDED ENTRY ELEMENTS (KOHA)
Item type E-Book
264 #1 -
-- Dordrecht :
-- Springer Netherlands :
-- Imprint: Springer,
-- 2014.
338 ## -
-- online resource

No items available.



Copyright © All Rights Reserved by Indian Maritime University, Kochi Campus.
For any Suggestions/Query Contact to library or Email: library.kochi@imu.ac.in Ph:(0484)-2989402
(Web OPAC Designed by Rudra Ranjan. Maintained by IMU Kochi Library)

Powered by Koha